Beliebteste Kinderserien 2004 - Statistiken

Allgemein
  • Dieses Quiz wurde 130 mal gespielt
  • Das Durchschnittsergebnis liegt bei 4 aus 20
Antwortstatistiken
Antwort % Korrekt
SpongeBob Schwammkopf
43%
Pokémon
41%
Heidi
35%
Digimon
30%
Biene Maja
28%
Yu-Gi-Oh!
21%
Bob der Baumeister
20%
Kim Possible
20%
Sailor Moon
19%
Tom und Jerry
17%
Benjamin Blümchen
15%
Caillou
14%
Dragon Ball Z
14%
Teletubbies
13%
Bibi Blocksberg
12%
Die Simpsons
7%
Powerpuff Girls
6%
Pumuckl
5%
Wickie und die starken Männer
5%
Die Schlümpfe
3%
Keine übereinstimmenden Quizze gefunden
Verteilung der Resultate
Anzahl Personen mit jedem Resultat
Perzentil nach korrekt beantworteten Fragen
Ihre Resultats-Entwicklung
Sie haben dieses Quiz noch nicht gespielt